UBT Library

TAKING CHANCES ABORTION AND THE DECISION (Record no. 60267)

000 -LEADER
fixed length control field 00334nam a22001457a 4500
008 - FIXED-LENGTH DATA ELEMENTS--GENERAL INFORMATION
fixed length control field 230907b ||||| |||| 00| 0 eng d
020 ## - INTERNATIONAL STANDARD BOOK NUMBER
International Standard Book Number 9780520035941
041 ## - LANGUAGE CODE
Language code of text/sound track or separate title eng
080 ## - UNIVERSAL DECIMAL CLASSIFICATION NUMBER
Universal Decimal Classification number 618
082 ## - DEWEY DECIMAL CLASSIFICATION NUMBER
Classification number 618LUK
100 ## - Rafti
Rafti 15
101 ## - Shkurtesa
Shkurtesa GJINE
245 ## - TITLE STATEMENT
Title TAKING CHANCES ABORTION AND THE DECISION
Statement of responsibility, etc LUKER .K
942 ## - ADDED ENTRY ELEMENTS (KOHA)
Source of classification or shelving scheme
Item type Books
Holdings
Withdrawn status Lost status Source of classification or shelving scheme Damaged status Not for loan Collection code Permanent location Current location Date acquired Total Checkouts Full call number Barcode Date last seen Price effective from Koha item type
          Koleksioni i përgjithshem UBT - Lipjan UBT - Lipjan 09/07/2023   618LUK 002-800070193 09/07/2023 09/07/2023 Books
UBT Library © 2015-2024. All rights reserved University Education for Business and Technology